00261 a2200121 4500000002500000020001800025100002100043245002400064250000600088260001700094264001100111999001700122 nam a22 7a 4500 a9788126577040 aBeaver,Kevin984 aHacking for Dummies a6 bApressc2018 bApress c35940d35940